| 000 | 00379cam a22001217a 4500 | ||
|---|---|---|---|
| 008 | 180718bn.d. xxu||||| |||| 00| 0 eng d | ||
| 082 | _aA81x54 In2/71/16/Pt 4 | ||
| 100 | _aCensus of India 1971 | ||
| 245 | _aOrissa: housing report and tables | ||
| 260 |
_aDelhi _bThe Manager of Publications _cn.d. |
||
| 300 | _a178+p. | ||
| 440 | _aCensus of India 1971. Series-16, Orissa. Part IV | ||
| 999 |
_c485417 _d485417 |
||